[Event "Vicente Lopez IRT op"]
[Site "Vicente Lopez"]
[Date "2003.07.27"]
[Round "3.8"]
[White "Montoro, Gustavo Ernesto"]
[Black "Strok, Boris"]
[Result "1-0"]
[WhiteElo "2122"]
[BlackElo "2080"]
[PlyCount "97"]
[EventDate "2003.07.25"]
[EventType "swiss"]
[EventRounds "10"]
[EventCountry "ARG"]
[SourceTitle "CBM 095 Extra"]
[Source "ChessBase"]
[SourceDate "2003.09.04"]
[SourceVersion "1"]
[SourceVersionDate "2003.09.04"]
[SourceQuality "1"]

1. e4 e5 2. Nf3 Nc6 3. Nc3 Nf6 4. Bb5 d6 5. 0-0 Bd7 6. Re1 Be7 7. d4 exd4 8. Nxd4 Nxd4 9. Qxd4 0-0 10. Bf1 Bc6 11. h3 Nd7 12. Nd5 Bf6 13. Nxf6+ Qxf6 14. Be3 Rfe8 15. Bd3 Re6 16. b4 a6 17. c4 Qxd4 18. Bxd4 Ne5 19. Bf1 Rae8 20. b5 Bd7 21. Red1 Rg6 22. Kh1 f5 23. f4 Nf7 24. exf5 Bxf5 25. c5 axb5 26. Bxb5 c6 27. Bd3 Be4 28. Bxe4 Rxe4 29. Rab1 Nd8 30. Be5 d5 31. Bc7 Ne6 32. f5 Nxc7 33. fxg6 Nb5 34. gxh7+ Kxh7 35. Re1 Ra4 36. Re7 Rxa2 37. Rxb7 Rc2 38. Re1 Nd4 39. Ree7 Nf5 40. Rf7 Kg6 41. g4 Ng3+ 42. Kg1 Kg5 43. Rxg7+ Kf4 44. Rgf7+ Ke3 45. Rb3+ Ke4 46. Rxg3 Rxc5 47. g5 d4 48. g6 d3 49. Rd7 1-0

[Event "Buenos Aires Intercoop 29th"]
[Site "Buenos Aires"]
[Date "2003.??.??"]
[Round "7"]
[White "Strok, Boris"]
[Black "Montoro, Gustavo Ernesto"]
[Result "1-0"]
[WhiteElo "2080"]
[BlackElo "2109"]
[PlyCount "75"]
[EventDate "2003.08.23"]
[EventType "team"]
[EventRounds "7"]
[EventCountry "ARG"]
[SourceTitle "EXT 2004"]
[Source "ChessBase"]
[SourceDate "2003.11.25"]
[SourceVersion "1"]
[SourceVersionDate "2003.11.25"]
[SourceQuality "1"]

1. e4 e6 2. d4 d5 3. Nd2 Nf6 4. e5 Nfd7 5. Bd3 c5 6. c3 Nc6 7. Ngf3 Qb6 8. 0-0 cxd4 9. cxd4 Nxd4 10. Nxd4 Qxd4 11. Nf3 Qb6 12. Qc2 h6 13. a3 a5 14. Qa4 Be7 15. Qg4 g5 16. Qa4 Kf8 17. b4 Qd8 18. Rb1 Nb6 19. Qd1 axb4 20. axb4 Bd7 21. Nd4 Nc4 22. f4 gxf4 23. Bxf4 Bg5 24. Qh5 f5 25. exf6 Bxf4 26. Rxf4 e5 27. Bxc4 dxc4 28. Qxe5 Qe8 29. Qd6+ Kf7 30. Qd5+ Kf8 31. Qc5+ Kf7 32. Qxc4+ Kg6 33. Qd3+ Kf7 34. Re4 Qc8 35. Rf1 Kf8 36. Qg3 Rh7 37. Qg6 Rf7 38. Qxh6+ 1-0

[Event "Pro American op 9th"]
[Site "Villa Martelli"]
[Date "2002.10.30"]
[Round "6"]
[White "Strok, Boris"]
[Black "Garcia Palermo, Carlos H"]
[Result "0-1"]
[WhiteElo "2112"]
[BlackElo "2443"]
[PlyCount "107"]
[EventDate "2002.10.24"]
[EventType "swiss"]
[EventRounds "9"]
[EventCountry "ARG"]
[SourceTitle "EXT 2004"]
[Source "ChessBase"]
[SourceDate "2003.11.25"]
[SourceVersion "1"]
[SourceVersionDate "2003.11.25"]
[SourceQuality "1"]

1. e4 c6 2. d4 d5 3. Nd2 dxe4 4. Nxe4 Bf5 5. Ng3 Bg6 6. Nf3 e6 7. Bd3 Nd7 8. 0-0 Bd6 9. c4 Ngf6 10. Bg5 Qc7 11. Rc1 0-0 12. Re1 Bf4 13. Bxf4 Qxf4 14. Bxg6 hxg6 15. Qb3 Rab8 16. Rcd1 Rfd8 17. Qc2 Qc7 18. h3 c5 19. d5 exd5 20. Re7 Qd6 21. Rde1 Ne4 22. Nxe4 Qxe7 23. cxd5 Ne5 24. Rd1 Nxf3+ 25. gxf3 Rbc8 26. Qc4 Qd7 27. Ng5 Qe7 28. Qh4 Qe2 29. Rc1 Rxd5 30. Qh7+ Kf8 31. h4 Rxg5+ 32. hxg5 Qd2 33. Qh8+ Ke7 34. Qxc8 Qxc1+ 35. Kh2 Qf4+ 36. Kg2 Qxg5+ 37. Kh2 Qd5 38. Qc7+ Ke6 39. f4 Kf5 40. Kg3 g5 41. Qc8+ Kf6 42. Qc7 gxf4+ 43. Qxf4+ Kg6 44. Qc7 Kh7 45. Kh3 g6 46. Qe7 Kg7 47. Qc7 c4 48. Kh2 Qd4 49. Kg1 b5 50. Qa5 Qxb2 51. Qxa7 Qb1+ 52. Kh2 Qd3 53. Qc7 c3 54. Qc4 0-1

[Event "Villa Martelli IRT 2nd"]
[Site "Villa Martelli"]
[Date "2002.??.??"]
[Round "4"]
[White "Strok, Boris"]
[Black "Bernal, Gustavo"]
[Result "1-0"]
[WhiteElo "2067"]
[BlackElo "2185"]
[PlyCount "47"]
[EventDate "2002.05.06"]
[EventType "tourn"]
[EventRounds "9"]
[EventCountry "ARG"]
[SourceTitle "EXT 2004"]
[Source "ChessBase"]
[SourceDate "2003.11.25"]
[SourceVersion "1"]
[SourceVersionDate "2003.11.25"]
[SourceQuality "1"]

1. e4 e5 2. Nf3 Nc6 3. Bb5 a6 4. Ba4 Nf6 5. 0-0 Be7 6. Re1 b5 7. Bb3 0-0 8. d4 Nxd4 9. Bxf7+ Rxf7 10. Nxe5 Ne6 11. Nxf7 Kxf7 12. e5 Ne8 13. Qf3+ Kg8 14. Qxa8 c6 15. Be3 N8c7 16. Qb8 Nd5 17. Nc3 Nb4 18. Rad1 Nxc2 19. Bb6 Qf8 20. Re2 Nb4 21. Ne4 Nd5 22. Rxd5 cxd5 23. Nd6 Bxd6 24. exd6 1-0